Iran´s International Position and Its Relations with the EU (SR) in the Context of the Awakening New Silk Road

Výskum rozvoja obchodných vzťahov Iránu s EU (SR) a dopad súčasnej politickej situácie na tieto vzťahy. Vplyv novej železnice medzi Čínou a Európou na intenzitu ich obchodu. Použitie matematicko-štatistických metód.

Salvato in:
Dettagli Bibliografici
Autore principale: Borovská, Zuzana
Altri autori: Baláž, Peter
Natura: Capitolo di libro
Lingua:inglese
Soggetti:
Tags: Aggiungi Tag
Nessun Tag, puoi essere il primo ad aggiungerne!!

MARC

LEADER 00000naa$a2200000$$$4500
001 0254444
005 20240502083726.9
041 0 |a eng 
044 |a CZ 
245 1 0 |a Iran´s International Position and Its Relations with the EU (SR) in the Context of the Awakening New Silk Road  |c Zuzana Borovská, Peter Baláž 
520 |a Výskum rozvoja obchodných vzťahov Iránu s EU (SR) a dopad súčasnej politickej situácie na tieto vzťahy. Vplyv novej železnice medzi Čínou a Európou na intenzitu ich obchodu. Použitie matematicko-štatistických metód. 
610 2 0 |a Čína 
610 2 0 |a Irán 
610 2 0 |a Európa 
610 2 0 |a obchod medzinárodný 
610 2 0 |a železnice 
610 2 0 |a situácia politická 
100 1 |a Borovská, Zuzana 
700 1 |a Baláž, Peter